Tổng hợp một số hợp chất có hoạt tính sinh học

Αποθηκεύτηκε σε:
Λεπτομέρειες βιβλιογραφικής εγγραφής
Κύριος συγγραφέας:  Phan, Đình Châu
Μορφή: Sách
Γλώσσα:Undetermined
Έκδοση:  Khoa học và kỹ thuật  2009
Θέματα:
Ετικέτες: Προσθήκη ετικέτας
Δεν υπάρχουν, Καταχωρήστε ετικέτα πρώτοι!
Thư viện lưu trữ: Trung tâm Thư viện - Trường Đại học Công nghiệp TP. Hồ Chí Minh
LEADER 00545nam a2200157Ia 4500
001 UIH_04754
008 231011s9999 xx 000 0 und d
082 |a  615.19 
100 |a  Phan, Đình Châu 
245 0 |a  Tổng hợp một số hợp chất có hoạt tính sinh học 
245 0 |c  Phan, Đình Châu 
260 |b  Khoa học và kỹ thuật 
260 |c  2009 
650 |a  Hóa dược;  
927 |a Sách 
980 |a Trung tâm Thư viện - Trường Đại học Công nghiệp TP. Hồ Chí Minh